Quizzes
Events
Quiz Creation
Community
Videos
Private Events
Remove Ads
Sign In
Join for FREE
Feedback
Dark Mode
Quiz Categories
Sports
Geography
Music
Movies
Television
Just For Fun
Miscellaneous
History
Literature
Language
Science
Gaming
Entertainment
Religion
Holiday
For Kids
Quiz Lab
Recent
Popular Today
Quiz Kudos Today
Editor Picks
Curator Picks
Quizzes by...
Day
Popularity
Type
Ratings
Length
Year
Community
Subscriptions
Recent Discussions
Orange Saloon
Badges
Playlists
Quests
Create
Leaderboards
Showdown
Live 5
Trivia Bingo
Activity
Puzzle Library
Sporcle Events
Private Events
Virtual Trivia
Globe League
Become a Host
Pub Owners
SporcleCon
Opinionation
Our Games
Videos
Blog
Mobile Apps
Partnerships
Remove Ads and Go Orange
Feedback
Music
Pop Music
The Beatles
Song
Album
Lyrics
Bands
Singers
Artist
Clip
Rock
Rap
Classical
Billboard
Country Music
Kpop
Taylor Swift
Music
Pop Music
The Beatles
Song
Album
Lyrics
Bands
Singers
Artist
Clip
Rock
Rap
Classical
Billboard
Country Music
Kpop
Taylor Swift
Random Quiz
Search Sporcle
×
Editor Pick
Editor Pick
Music
Country
Type in answers that appear in a list
Type in answers that appear in a list
Classic
Best Score? Go Orange.
Same Title, Different Artist 3 (clips) Stats
Can you name the songs with the same titles?
By
jmc1988
10m
60 Questions
3,394 Plays
3,394 Plays
3,394 Plays
Comments
Comments
Give Quiz Kudos
Give Quiz Kudos
-
- Ratings
hide this ad
More Info
Replay
Link that replays current quiz
Next Quiz
Link to next quiz in quiz playlist
You Got
0%
They Got
Avg Score
40%
Avg Friend Score
Upgrade to see
Score Distribution
Jump to the score distribution portion of the page
Score
0/60
Timer
10:00
0
Plays Today
% Correct
Sweet Dreams
83%
Bad Day
81.7%
Jackson 5
81%
U2
79.1%
One
78.7%
Shout
76.5%
Eurythmics
70.9%
Forever Young
67.7%
I Want You Back
64.7%
Coldplay
63.5%
R.E.M
62.9%
*NSYNC
62.8%
Franz Ferdinand
62%
Take Me Out
61.2%
Metallica
61.2%
Love Hurts
58.2%
Daniel Powter
57.7%
Smashing Pumpkins
57%
Kelly Clarkson
57%
Tonight, Tonight
56.4%
Breathe
54.8%
Rod Stewart
54.3%
Joan Jett
53.3%
Bad Reputation
52.2%
September
51.4%
Tears for Fears
51%
Weezer
50.4%
Faith Hill
47.8%
Earth, Wind & Fire
46.1%
Because of You
43.4%
% Correct
America
37.7%
Broken Wings
35.9%
Neil Diamond
35.4%
Daughtry
30.7%
NeYo
29.6%
So Far Away
28.9%
Mr. Mister
27.4%
Nazareth
26.1%
Hot Chelle Rae
25.6%
Staind
24.1%
Dire Straits
23.8%
Alphaville
23%
Trouble
21.9%
Queens of the Stone Age
21.3%
Vampire Weekend
20.6%
The Isley Brothers
20.3%
Coheed & Cambria
20.1%
Three Dog Night
19.5%
Welcome Home
19.4%
Anna Nalick
18.8%
Little Sister
18.3%
Holiday
17.6%
Razorlight
12.6%
Incubus
12.3%
La Bouche
11%
Ray LaMontagne
10.4%
Dwight Yoakam
6%
Thin Lizzy
5.8%
Alter Bridge
3.9%
Atomic Tom
0.9%
Quiz Playlist
Details
Report
Send in Message
Add To Playlist
More Info:
You will hear several sets of clips which share a common song title. For each set, name the title shared between the songs as well as each artist.
Classic:
Type in answers that appear in a list
Quiz Source
Last Updated: Feb 16, 2017
Editor Pick in
Music
Quiz Scoreboard
CHALLENGE
Sign Up to Join the Scoreboard
Show All
Scores
Hide
Comments
May contain spoilers
Recently Published
Movies - When Are They Set?
by FPL_Elf
Movies
5m
Popular People in 1961
by mucciniale
History
6m
1-10 Letter E Words III
by El_Dandy
Language
2m
More to Explore
Quiz From the Vault
Featured Blog Post
Where Did the Easter Bunny Come From?
hide this ad
You Might Also Like...
Tags
Clip Quiz
Country Quiz
Pop Music Quiz
Rock Quiz
Song Quiz
Audio Quiz
Today's Top Quizzes in Music
Browse Music
hide this ad
Today's Top Quizzes in Country
Browse Country
Top Contributed Quizzes in Music
1
Taylor Swift All Songs (2024)
2
2010s Album by Cover III
3
Guess the Artist- 70s Songs
4
One Thing in Common: Music
5
Taylor Swift Logic Puzzle
6
Guess the Taylor Swift song (Mystery Song)
7
2010s Album by Cover IV
8
2010s Album by Cover V
9
KPOP LOGIC QUIZ
10
Kpop Logic Quiz
Explore More
Trending Topics
Kpop
Harry Potter
Disney
Anime
Marvel
NBA
Crossword
Country
WWE
Pokémon
Puzzle
NFL
Song
Soccer
The Office
hide this ad
More By:
jmc1988
Quiz
Plays
Rating
Category
Featured
Created
Same Title, Different Song
41,277
4.62
Music
Dec 29, 2010
Same Title, Different Artist 3 (clips)
3,394
4.66
Music
Jan 21, 2013
50 Greatest Game Shows (TV Guide)
3,325
4.19
Television
Oct 12, 2009
Same Title, Different Song 2 (Clips)
1,932
4.65
Music
Mar 6, 2011
Songs Without Title in Chorus (clips)
832
3.96
Music
May 1, 2010
Go to Creator's Profile
Score Distribution
Quiz Creator Spotlight
jmc1988
Follow
Send a Message
Quizzes Created
-
Created Quiz Play Count
-
More By This Creator
Popular Quizzes Today
1
Find the Countries of Europe - No Outlines Minefield
2
Find the US States - No Outlines Minefield
3
The Countries of the World
4
Popular People in 1961
5
US States
6
1-10 Letter E Words III
7
Find the US States
8
One Thing in Common: World Cities II
More Music Quizzes
VH1's 100 Songs (Hard Rock)
Published
Trending Quizzes
Risky Map Clicking: Least Populous States A-Z
1-10 Letter F Words
1-10 Letter G Words
One Thing in Common: United Kingdom
Risky Map Clicking: Next State Alphabetically
Recently Updated
Leaping Animals
pecheneg
Reality TV Shows (A-Z)
bhenderson79
Rickey Henderson's Hall of Fame Teammates
pecheneg
Champions League XIs: Arsenal
pecheneg
Quick Pick: Celebrities in WWE's Hall of Fame
aduchscher
A-Z Keypad Blitz II
pecheneg
Multiple Oscar Actors
pecheneg
Mystery Phrase Blitz: Oscar 'Best Actors'
pecheneg
F. Scott Fitzgerald Novels
LTH
Pick 3 Villains
ddd62291
Trending Topics
Disney
Anime
Kpop
NBA
Harry Potter
Crossword
Marvel
WWE
Country
NFL
Soccer
The Office
Puzzle
Pokémon
Song
Your Account Isn't Verified!
In order to create a playlist on Sporcle, you need to verify the email address you used during registration. Go to your
Sporcle Settings
to finish the process.
Report this User
Report this user for behavior that violates our
Community Guidelines
.
Details:
Send Report
Go to the Sporcle.com Mobile Site →
Comments